Buena fe. Su rol en el derecho chileno contemporáneo.

में बचाया:
ग्रंथसूची विवरण
मुख्य लेखक: Balmaceda Hoyos, Jorge Francisco (autor)
अन्य लेखक: Peña Neira, Sergio (autor)
स्वरूप: अज्ञात
प्रकाशित: Santiago, Chile: Thomson Reuters, 2022.
संस्करण:1ª edición.
श्रृंखला:Monografías
विषय:
टैग: टैग जोड़ें
कोई टैग नहीं, इस रिकॉर्ड को टैग करने वाले पहले व्यक्ति बनें!

MARC

LEADER 00000 a2200000 4500
003 CL-VaPUC
005 20221020113410.0
008 221011t2022 ||||| |||| 00| 0 eng d
999 |c 439130  |d 439128 
020 |a 978-956-400-296-5 
040 |c Pontificia Universidad Católica de Valparaíso 
082 |2 22  |a 346.022 BAL 2022  
100 |a Balmaceda Hoyos, Jorge Francisco  |9 601754  |e autor 
245 |a Buena fe.   |b Su rol en el derecho chileno contemporáneo. 
250 |a 1ª edición. 
260 |a Santiago, Chile:  |b Thomson Reuters,   |c 2022. 
300 |a 131 páginas.  
440 |a Monografías   |9 856527 
583 |k GC  |c 20221011 
650 0 |9 383961  |a Buena fe   |x Contratos   |z Francia   |z Chile  
650 0 |9 328248  |a Derecho de las obligaciones   |x Contratos   |z Francia   |z Chile  
650 0 |9 874729  |a Derecho comparado  |x Contratos   |z Francia   |z Chile  
700 |9 545956  |a Peña Neira, Sergio  |e autor 
942 |2 ddc  |c BK 
952 |0 0  |1 0  |2 ddc  |4 0  |6 346_022000000000000_BAL_2022  |7 0  |8 A  |9 587191  |a BIBDER  |b BIBDER  |c GEN  |d 2022-10-11  |e 31  |g 0.00  |i 5655117  |l 1  |o 346.022 BAL 2022  |p 5655117  |r 2024-07-02  |s 2024-07-02  |t 1  |v 0.00  |w 2022-10-11  |y BK  |k DER